| 000 | 00652nam a2200241Ia 4500 | ||
|---|---|---|---|
| 003 | OSt | ||
| 005 | 20221005025517.0 | ||
| 006 | a|||||r|||| 00| 0 | ||
| 007 | ta | ||
| 008 | 221004b |||||||| |||| 00| 0 eng d | ||
| 024 | _a30912 | ||
| 037 | _cTextual | ||
| 040 |
_aCRL _cCRL _beng |
||
| 041 |
_2eng _aeng |
||
| 082 | _a2v2.M3, K6;1 | ||
| 100 | _aOhdedar A K | ||
| 245 | 0 |
_aGrowth of the library in modern India _b 1498-1836 |
|
| 260 |
_aCalcutta _bThe world Press India _c1966 |
||
| 300 |
_a268p. _ccm. |
||
| 650 | _aLIBRARY SCIENCE - HISTORY | ||
| 942 |
_h2v2.M3, K6;1 _cTEXL _2cc |
||
| 999 |
_c934790 _d934790 |
||